| 000 | 00821nam a2200265 a 4500 | ||
|---|---|---|---|
| 001 | 4303572 | ||
| 003 | ARRUPE | ||
| 005 | 20151007102619.0 | ||
| 008 | 860512s1986 fr b 000 0 fre | ||
| 010 | _a 86157873 | ||
| 020 |
_a2707310654 : _c80.00F |
||
| 040 |
_aDLC _cDLC _dDLC |
||
| 050 | 0 | 0 |
_aB3279.H49 _bF68 1986 |
| 082 | 0 | 0 |
_a114/.092/4 _219 |
| 100 | 1 |
_aFranck, Didier. _920126 |
|
| 245 | 1 | 0 |
_aHeidegger et le problème de l'espace / _cDidier Franck. |
| 260 |
_aParis : _bEditions de Minuit, _cc1986. |
||
| 300 |
_a132 p. ; _c22 cm. |
||
| 490 | 0 | _aArguments | |
| 504 | _aIncludes bibliographical references. | ||
| 600 | 1 | 0 |
_aHeidegger, Martin, _d1889-1976. _920127 |
| 650 | 0 |
_aSpace and time _xHistory _y20th century. _920128 |
|
| 906 |
_a7 _bcbc _corignew _d4 _encip _f19 _gy-gencatlg |
||
| 942 |
_2lcc _cMONOGRAPH |
||
| 999 |
_c123471 _d123471 |
||